000
00344cam a2200145ua 4500
041
_a
eng
_h
082
_a
671.52
_b
DAV/SC
100
_a
Davies, A C .
245
_a
Science and practice of welding
260
_a
London :
_b
Cambridge at the University Press ,
_c
1963.
300
_a
640 ; .
504
_a
942
_c
BK
999
_c
1710
_d
1710